000 00717nam a22002417a 4500
001 86737
003 UA-OsUOA
005 20230125093814.0
007 ta
008 20120910b un ||||| |||| 00| 0 ukr d
040 _aUA-OsUOA
_brus
_cUA-OsUOA
_dUA-OsUOA
041 _arus
080 _a94"652"
090 _a94"652"
_bР25
100 _aРаушенбах В.
245 _aСреднее Зауралье в эпоху неолита и бронзы
260 _aМ.
_bКультпросвет
_c1956
300 _a148 с.
650 7 _a9 Географія. Біографії. Історія
_2UDC
942 _cBK
_2udc
955 _a1
999 _c372896
_d372896